Fenomenología y praxis / (Record no. 81598)

MARC details
000 -LEADER
fixed length control field 00524cam a2200193 4500
008 - FIXED-LENGTH DATA ELEMENTS--GENERAL INFORMATION
fixed length control field s1970 ag spa
100 1# - MAIN ENTRY--PERSONAL NAME
Personal name Desanti, Jean T.
245 10 - TITLE STATEMENT
Title Fenomenología y praxis /
Statement of responsibility, etc Jean T. Desanti.
250 ## - EDITION STATEMENT
Edition statement 1a ed
260 ## - PUBLICATION, DISTRIBUTION, ETC. (IMPRINT)
Place of publication, distribution, etc Buenos Aires :
Name of publisher, distributor, etc Calden,
Date of publication, distribution, etc 1970
300 ## - PHYSICAL DESCRIPTION
Extent 186 p. ;
Dimensions 20 cm.
440 #3 - SERIES STATEMENT/ADDED ENTRY--TITLE
Title El hombre y su mundo
Volume number/sequential designation No.8
504 ## - BIBLIOGRAPHY, ETC. NOTE
Bibliography, etc Incluye glosario.
650 10 - SUBJECT ADDED ENTRY--TOPICAL TERM
Topical term or geographic name as entry element Fenomenología.
942 ## - ADDED ENTRY ELEMENTS (KOHA)
Source of classification or shelving scheme
Koha item type Libro
Holdings
Estado de pérdida Fuente de clasificación Estado del daño No para préstamo Ubicación permanente Ubicación actual Apartado o colección Fecha de adquisición Edición Área del conocimiento Clasificación Código de Barras Date last seen Número de copia Tipo de recurso
  Biblioteca del Cogreso de los Estados Unidos     Biblioteca de la Unidad de Ciencias Ingeniería y Humanidades Biblioteca de la Unidad de Ciencias Ingeniería y Humanidades General 31/05/2018 1a. Educación y Humanidades B3279.D4 D47 1970 BCU000001686 31/05/2018 C:1 Libro